Statistics for They Shoot Pictures, Don't They? - films 821 to 840

Click here to take the quiz!

General Stats

  • This quiz has been taken 11 times
  • The average score is 8 of 20

Answer Stats

Answer% Correct
Edward Scissorhands
100%
An American Werewolf in London
78%
The Tin Drum
78%
The Right Stuff
67%
Memento
56%
Ferris Bueller's Day Off
44%
The Idiots
44%
The Producers
44%
We All Loved Each Other So Much
44%
Evil Dead 2
33%
Forbidden Games
33%
Petite maman
33%
The Thief of Baghdad
33%
Y tu mamá también
33%
Deep End
22%
La Commune (Paris, 1871)
22%
They Were Expendable
22%
White Heat
22%
Funeral Parade of Roses
11%
Sicilia!
11%

Score Distribution

Percentile by Number Answered

Percent of People with Each Score

Your Score History

You have not taken this quiz